| 000 | 00361nam a22001577a 4500 | ||
|---|---|---|---|
| 003 | SGT | ||
| 020 | _a9781498704298 | ||
| 082 |
_a614.1 _bS20P |
||
| 100 | _aPAYNE-JAMES, JONSON | ||
| 245 | _aSIMPSON'S FORENSIC MEDICINE | ||
| 250 | _a14TH | ||
| 260 |
_aBOCA, RATON _bCRC PRESS PUB _c2020 |
||
| 300 | _a343 | ||
| 650 | _aFORENSIC MEDICINE | ||
| 942 |
_2ddc _cBK |
||
| 999 |
_c30751 _d30751 |
||